书目信息 |
| 题名: |
秦汉教育论著选
|
|
| 作者: | 熊承滌 编 | |
| 分册: | ||
| 出版信息: | 北京 人民教育出版社 1986 |
|
| 页数: | 476页 | |
| 开本: | 19cm | |
| 丛书名: | 中国古代教育论著丛书 | |
| 单 册: | ||
| 中图分类: | G409 | |
| 科图分类: | ||
| 主题词: | 教育思想--中国--秦汉时代--文集 , 教育史--中国--秦汉时代--文集 , 教育学 | |
| 电子资源: | ||
| ISBN: | 7-107-10115-3 | |
| 000 | 00764oam2 2200253 450 | |
| 001 | 1238781993 | |
| 005 | 20121004104743.70 | |
| 010 | @a7-107-10115-3@dCNY4.95 | |
| 100 | @a20120905d1986 em y0chiy0121 ea | |
| 101 | 0 | @achi |
| 102 | @aCN@b110000 | |
| 105 | @ay z 000yy | |
| 200 | 1 | @a秦汉教育论著选@Aqin han jiao yu lun zhu xuan@f熊承滌编 |
| 210 | @a北京@c人民教育出版社@d1986 | |
| 215 | @a476页@d19cm | |
| 225 | 2 | @a中国古代教育论著丛书@Azhong guo gu dai jiao yu lun zhu cong shu |
| 461 | 0 | @12001 @a中国古代教育论著丛书 |
| 606 | 0 | @a教育思想@y中国@z秦汉时代@j文集 |
| 606 | 0 | @a教育史@y中国@z秦汉时代@j文集 |
| 606 | 0 | @a教育学 |
| 690 | @aG409@v4 | |
| 701 | 0 | @a熊承滌@Axiong cheng di@4编 |
| 801 | 0 | @aCN@bNLC@c20120905 |
| 905 | @a10447@dG409@eJY25 | |
| 秦汉教育论著选/熊承滌编.-北京:人民教育出版社,1986 |
| 476页;19cm.-(中国古代教育论著丛书) |
| ISBN 7-107-10115-3:CNY4.95 |
| ● |
| 相关链接 |
|
|
|
|
正题名:秦汉教育论著选
索取号:G409/JY25
 
预约/预借
| 序号 | 登录号 | 条形码 | 馆藏地/架位号 | 状态 | 备注 |
| 1 | 7805121 | 278051215 | 学院路分馆/ [索取号:G409/JY25] | 在馆 |